Verfahren zur Marktsegmentierung

Salvato in:
Dettagli Bibliografici
Autore principale: Thewissen, Christian
Natura: Capitolo di libro
Lingua:tedesco
Soggetti:
Tags: Aggiungi Tag
Nessun Tag, puoi essere il primo ad aggiungerne!!

MARC

LEADER 00000nla$a2200000$$$4500
001 0109248
005 20240502072216.1
041 0 |a ger 
044 |a SK 
245 1 0 |a Verfahren zur Marktsegmentierung  |c Christian Thewissen 
610 2 0 |a marketing 
610 2 0 |a trh 
610 2 0 |a segmentácia trhu 
610 2 0 |a obchod 
610 2 0 |a zákazníci 
100 1 |a Thewissen, Christian